000
00243nam a2200097Ia 4500
008
200302s9999 xx 000 0 und d
100
_a
Arata Isozaki
245
_a
The Museum of Modern Art, Gunma
260
_b
Phaidon Press Ltd.
300
_a
60 P.,
999
_c
5113
_d
5113